Type the Colour Challenge - Statistics

General Stats
  • This quiz has been taken 378 times
  • The average score is 7 of 11
Answer Stats
Answer % Correct
Grey Brown
95%
Red Pink
95%
White Purple
89%
Orange Green
84%
Black Yellow
76%
Pink Blue
63%
Blue White
45%
Green Orange
37%
Brown Red
32%
Purple Black
26%
Yellow Grey
14%
No matching quizzes found
Score Distribution
Percent of People with Each Score
Percentile by Number Answered
Your Score History
You have not taken this quiz